| 000 | 00931nam a2200241 u 4500 | ||
|---|---|---|---|
| 005 | 20221112063614.0 | ||
| 008 | 171019s2016 mx r 000 0 spa d | ||
| 020 | _a9786070281853 | ||
| 035 | _aUPN01000221158 | ||
| 049 | _aCG | ||
| 050 | 4 |
_aHC135 _bS4.4 2014 |
|
| 111 | 2 |
_aSeminario La Crisis y la Sustentabilidad del Estado de Bienestar _d(2014 : _cMéxico, D.F.) _941105 |
|
| 245 | 1 | 3 |
_aEl Estado y la crisis global a debate / _ccoord. Rolando Cordera Campos. |
| 260 |
_aMéxico : _bUNAM : _bMiguel Angel Porrúa, _c2016. |
||
| 300 |
_a237 p. : _bcuadros, gráfs. |
||
| 440 | 4 |
_aLas ciencias sociales. _pTercera década |
|
| 651 | 4 |
_aMEXICO - _xCONDICIONES ECONOMICAS - _vCONGRESOS _919812 |
|
| 651 | 0 |
_aEstados Unidos _xCondiciones económicas _vCongresos _926322 |
|
| 651 | 4 |
_aEUROPA - _xCONDICIONES ECONOMICAS - _vCONGRESOS _926323 |
|
| 700 | 1 |
_aCordera, Rolando, _d1942- _ecoord. _931524 |
|
| 905 | _aLibro | ||
| 999 |
_c193257 _d193257 |
||